书目信息 |
| 题名: |
数字测图原理与方法实验与习题
|
|
| 作者: | 杨正尧 编著 | |
| 分册: | ||
| 出版信息: | 武汉 武汉大学出版社 2004.02 |
|
| 页数: | 163页 | |
| 开本: | 26cm | |
| 丛书名: | 高等学校测绘类系列教材 | |
| 单 册: | ||
| 中图分类: | P283.7 , P204-45 , P204 | |
| 科图分类: | ||
| 主题词: | 地图制图自动化--di tu zhi tu zi dong hua--数字测量法--高等学校--教材 , 测绘学 , 测量学 | |
| 电子资源: | ||
| ISBN: | 7-307-04153-7 | |
| 000 | 01107nam 2200301 450 | |
| 001 | 010253460296 | |
| 005 | 20050623173654.77 | |
| 010 | @a7-307-04153-7@dCNY16.00 | |
| 100 | @a20050522d2004 km y0chiy0120 ea | |
| 101 | 0 | @achi |
| 102 | @aCN@b420000 | |
| 105 | @aa a 000yy | |
| 200 | 1 | @a数字测图原理与方法实验与习题@Ashu zi ce tu yuan li yu fang fa shi yan yu xi ti@f杨正尧编著@Fyang zheng yao bian zhu |
| 210 | @a武汉@c武汉大学出版社@d2004.02 | |
| 215 | @a163页@c图@d26cm | |
| 225 | 2 | @a高等学校测绘类系列教材@Agao deng xue xiao ce hui lei xi lie jiao cai |
| 320 | @a有书目 (第163页)。 | |
| 330 | @a本书是相关教材的配套书籍,针对实验课的一般要求、实验项目、数字测图教学实习进行指导,并对相关习题进行解答,且对实验、实习中使用工具进行说明。 | |
| 410 | 0 | @12001 @a高等学校测绘类系列教材 |
| 606 | 0 | @a地图制图自动化@Adi tu zhi tu zi dong hua@x数字测量法@x高等学校@x教材 |
| 606 | 0 | @a测绘学 |
| 606 | 0 | @a测量学 |
| 690 | @aP283.7@v4 | |
| 690 | @aP204-45@v4 | |
| 690 | @aP204@v3 | |
| 701 | 0 | @a杨正尧@Ayang zheng yao@4编著 |
| 801 | 0 | @aCN@bRULIN@c20050623 |
| 905 | @a10447@dP204@eY330 | |
| 数字测图原理与方法实验与习题/杨正尧编著.-武汉:武汉大学出版社,2004.02 |
| 163页:图;26cm.-(高等学校测绘类系列教材) |
| ISBN 7-307-04153-7:CNY16.00 |
| 本书是相关教材的配套书籍,针对实验课的一般要求、实验项目、数字测图教学实习进行指导,并对相关习题进行解答,且对实验、实习中使用工具进行说明。 |
| ● |
| 相关链接 |
|
|
|
正题名:数字测图原理与方法实验与习题
索取号:P204/Y330
 
预约/预借
| 序号 | 登录号 | 条形码 | 馆藏地/架位号 | 状态 | 备注 |
| 1 | 521076 | 205210760 | 自科库401/401自科库 119排1列2层/ [索取号:P204/Y330] | 在馆 | |
| 2 | 521077 | 205210779 | 自科库401/401自科库 119排1列2层/ [索取号:P204/Y330] | 在馆 | |
| 3 | 521078 | 205210788 | 自科库401/401自科库 119排1列2层/ [索取号:P204/Y330] | 在馆 |